MAASAI MARA UNIVERSITY

LIBRARY CATALOGUE

Contact Us: +254 020 2685356/7 or 0774 057787

Box: 861-20500, NAROK, KENYA

Email: info@mmarau.ac.ke

The stone pony / (Record no. 18283)

MARC details
000 -LEADER
fixed length control field 00828nam a22002297a 4500
001 - CONTROL NUMBER
control field 2332409
003 - CONTROL NUMBER IDENTIFIER
control field OSt
005 - DATE AND TIME OF LATEST TRANSACTION
control field 20200310105547.0
008 - FIXED-LENGTH DATA ELEMENTS--GENERAL INFORMATION
fixed length control field 160715b xxu||||| |||| 00| 0 eng d
010 ## - LIBRARY OF CONGRESS CONTROL NUMBER
LC control number 82010391
020 ## - INTERNATIONAL STANDARD BOOK NUMBER
International Standard Book Number 0684177692 :
040 ## - CATALOGING SOURCE
Original cataloging agency MMU
Transcribing agency MMU
Modifying agency MMU19
Language of cataloging eng
050 00 - LIBRARY OF CONGRESS CALL NUMBER
Classification number PZ7.C139
Item number 1982
100 1# - MAIN ENTRY--PERSONAL NAME
Personal name Calvert, Patricia.
245 14 - TITLE STATEMENT
Title The stone pony /
Statement of responsibility, etc. Patricia Calvert.
260 ## - PUBLICATION, DISTRIBUTION, ETC. (IMPRINT)
Place of publication, distribution, etc. New York :
Name of publisher, distributor, etc. Scribner,
Date of publication, distribution, etc. c1982.
300 ## - PHYSICAL DESCRIPTION
Extent 166 p. ;
Dimensions 22 cm.
520 ## - SUMMARY, ETC.
Summary, etc. Following the death of her multi-talented and beautiful older sister, JoBeth tries to bury her feelings of resentment and guilt by absorbing herself in the study of a stone pony from ancient Persia recently acquired by the local museum.
650 #1 - SUBJECT ADDED ENTRY--TOPICAL TERM
Topical term or geographic name as entry element Death
906 ## - LOCAL DATA ELEMENT F, LDF (RLIN)
a 7
b cbc
c orignew
d 1
e ocip
f 19
g y-gencatlg
942 ## - ADDED ENTRY ELEMENTS (KOHA)
Source of classification or shelving scheme Library of Congress Classification
Koha item type L
Holdings
Withdrawn status Lost status Source of classification or shelving scheme Damaged status Not for loan Home library Current library Date acquired Source of acquisition Total Checkouts Full call number Barcode Date last seen Date last checked out Price effective from Koha item type
    Library of Congress Classification     Maasai Mara University Library -Main Campus Maasai Mara University Library -Main Campus 07/15/2016 Donation 2 Fic PZ7.C139 1982. 201517028 03/20/2018 03/08/2018 07/15/2016 L
© 2016 Maasai Mara University.